Новое о жизни растений (растения и современная биология)

التفاصيل البيبلوغرافية
مؤلفون آخرون: Шустов И. В. (редактор)
اللغة:الروسية
منشور في: Москва, Знание, 1967
الموضوعات:
التنسيق: كتاب
KOHA link:https://koha.lib.tpu.ru/cgi-bin/koha/opac-detail.pl?biblionumber=289103

MARC

LEADER 00000nam0a2200000 4500
001 289103
005 20231102000144.0
035 |a (RuTPU)RU\TPU\book\313608 
090 |a 289103 
100 |a 20150331d1967 k y0rusy50 ca 
101 0 |a rus 
102 |a RU 
105 |a a z 000zy 
200 1 |a Новое о жизни растений (растения и современная биология)  |f под ред. И. В. Шустова 
210 |a Москва  |c Знание  |d 1967 
215 |a 127 с.  |c ил. 
606 1 |a Растения  |x Биохимия  |2 stltpush  |3 (RuTPU)RU\TPU\subj\23936  |9 48402 
610 1 |a фотосинтез 
610 1 |a углекислота 
610 1 |a хлорофилл 
610 1 |a виды 
675 |a 581.1  |v 3 
702 1 |a Шустов  |b И. В.  |4 340 
801 1 |a RU  |b 63413507  |c 20150331 
801 2 |a RU  |b 63413507  |c 20150406  |g RCR 
942 |c BK